000 00642nam a2200193Ia 4500
003 GCL
005 20240530103205.0
008 140319s9999 xx 000 0 ara d
040 _aGCL /
_cGCL
082 0 4 _a940.27
_bن ت
100 1 _aنورالدين حاطوم
245 1 0 _aتاريخ الحركات القومية :
_bيقظة القوميات الاوربية /
_cنورالدين حاطوم
260 _a[S.N] :
_bدار الفكر ،
_c1969
300 _a3 ج ؛
_c24 سم
650 0 4 _aالحركات القومية
650 0 4 _aالفلسفة الفرنسية
650 0 4 _aالقومية الاوربية
942 _2ddc
_cBK
999 _c37459
_d37459